000
00240nam a2200097Ia 4500
008
190216s9999||||xx |||||||||||||| ||und||
100
_a
Unnikrishnan Thiruvazhiyod
245
0
_a
Nagakshathangal
260
_b
Poorna Pubs Kozhikode
942
_c
BK
999
_c
26004
_d
26004